| 000 | 01039nam a2200241Ia 4500 | ||
|---|---|---|---|
| 001 | 271.909 2-MON an el (6641) | ||
| 003 | IT-MiSPE | ||
| 008 | 171229s9999||||xx |||||||||||||| ||und|| | ||
| 040 |
_aIT-MiSPE _cIT-MiSPE |
||
| 041 | _aITALIANO | ||
| 100 | _aAngelo Montonati | ||
| 245 | 0 | _aElisabetta e l'Imprevisto | |
| 250 | _a1a ed. (v) | ||
| 260 |
_aCinisello B.mo _bEd. Paoline _c1989 |
||
| 300 |
_a187 p. _c20 cm |
||
| 490 |
_aFondatori e riformatori _v22 |
||
| 500 | _aRenzi, Elisabetta, beata | ||
| 501 | _aEdizioni San Paolo srl - Piazza Soncino, 5 - 20092 CINISELLO BALSAMO (MI) (non commercial uses only) ® Copyright 2018 | ||
| 520 | _aTav. | ||
| 942 | _cBK | ||
| 957 | _71 | ||
| 999 |
_a15798 _bNO _g Copie: 1 _c348175 _d348175 |
||